Countries That End in Unique IA's - One Minute Sprint - Statistics

General Stats
  • This quiz has been taken 55 times
  • The average score is 3 of 6
Answer Stats
ending country % Correct
gia Georgia
78%
tia Croatia
76%
kia Slovakia
71%
pia Ethiopia
56%
cia Saint Lucia
36%
hia Czechia
18%
No matching quizzes found
Score Distribution
Percent of People with Each Score
Percentile by Number Answered
Your Score History
You have not taken this quiz